| 000 | 00642nam a2200157Ia 4500 | ||
|---|---|---|---|
| 008 | 231221s9999 xx 000 0 und d | ||
| 020 | _a978-3-540-34201-4 | ||
| 041 | _aEnglish | ||
| 100 | _aQing Wang, Dietmar Pfahl, David M. Raffo, Paul Wernick | ||
| 245 | 0 | _aSoftware Process Change | |
| 260 |
_c2006 _bSpringer US _aNew York |
||
| 440 | _aLecture Notes in Computer Science | ||
| 650 | _aComputer Science | ||
| 650 | _aSoftware Engineering; Management of Computing and Information Systems; Computer Appl. in Administrative Data Processing; Computers and Society; Programming Techniques; Innovation/Technology Management | ||
| 942 | _cEB | ||
| 999 |
_c221421 _d221421 |
||